书目信息 |
| 题名: |
计算机数据恢复大全
|
|
| 作者: | PAMELA KANE | |
| 分册: | ||
| 出版信息: | 北京 电子工业出版社 1995.05 |
|
| 页数: | 387页 | |
| 开本: | 16开 | |
| 丛书名: | ||
| 单 册: | ||
| 中图分类: | TP309.2 | |
| 科图分类: | ||
| 主题词: | 电子计算机 , 计算技术 | |
| 电子资源: | ||
| ISBN: | 7-5053-2922-7 | |
| 000 | 00579nam0 2200205 45 | |
| 001 | 0005251086 | |
| 005 | 20000525104853.3 | |
| 010 | @a7-5053-2922-7@d50.00元 | |
| 100 | @a20000525d1995 km y0chiy0120 ea | |
| 101 | @achi | |
| 105 | @a z 000yy | |
| 200 | 1 | @a计算机数据恢复大全@AJi Suan Ji Shu Ju Hui Fu Da Quan@fPAMELA KANE@FPAMELA KANE |
| 210 | @a北京@c电子工业出版社@d1995.05 | |
| 215 | @a387页@d16开 | |
| 606 | 0 | @a电子计算机 |
| 606 | 0 | @a计算技术 |
| 690 | @aTP309.2@v3 | |
| 701 | @aPAMELA KANE | |
| 801 | @aCN@bPftUser@c20000525 | |
| 905 | @f3@b56580-582@dTP309.2@eW.255 | |
| 计算机数据恢复大全/PAMELA KANE.-北京:电子工业出版社,1995.05 |
| 387页;16开 |
| ISBN 7-5053-2922-7:50.00元 |
| ● |
| 相关链接 |
|
|
|
正题名:计算机数据恢复大全
索取号:TP309.2/W.255
 
预约/预借
| 序号 | 登录号 | 条形码 | 馆藏地/架位号 | 状态 | 备注 |
| 1 | 56580 | 200565806 | 自科库301/301自科库 46排5列2层/ [索取号:TP309.2/W.255] | 在馆 | |
| 2 | 56581 | 200565815 | 自科二线400A/400A自科库 4排2列6层/ [索取号:TP309.2/W.255] | 在馆 | |
| 3 | 56582 | 200565824 | 自科二线400A/400A自科库 4排2列6层/ [索取号:TP309.2/W.255] | 在馆 |